Score 0/197 Timer 08:00
16 Plays Today
% Correct
Paris
98.4%
Moscow
97.7%
Berlin
97.6%
Bern
97.5%
Beijing
97.2%
Warsaw
97.1%
Pyongyang
96.4%
Rome
96.3%
Brussels
96.2%
Nur-Sultan
96.2%
Washington, D.C.
96.2%
Mexico City
96.1%
Vienna
95.9%
Helsinki
95.8%
Luxembourg
95.8%
Oslo
95.8%
Kyiv
95.8%
Madrid
95.8%
Ulaanbaatar
95.5%
Minsk
95.3%
Baku
95%
Vilnius
94.7%
Tbilisi
94.5%
Islamabad
94.1%
Ottawa
94.1%
Andorra la Vella
94%
Riga
94%
Naypyidaw
93.6%
New Delhi
93.2%
Tallinn
92.9%
Prague
92.8%
Kabul
92.7%
Brasilia
92.6%
Ankara
92.1%
La Paz
92.1%
Vientiane
91.8%
Bogotá
91.6%
Khartoum
91.5%
Lima
91.5%
Kathmandu
91.4%
Thimphu
91.3%
Ljubljana
91%
Buenos Aires
90.7%
Tripoli
90.7%
Dushanbe
90.4%
Jerusalem
89.6%
Cairo
89.6%
Tehran
89.5%
Hanoi
89.3%
Bishkek
89.2%
Sofia
88.8%
Baghdad
88.5%
Asunción
88.5%
Bratislava
88.1%
Caracas
88.1%
Ramallah
87.9%
Budapest
87.8%
Montevideo
87.8%
Amsterdam
87.7%
Athens
87.4%
Damascus
87%
Georgetown
86.4%
Dublin
86.2%
London
86.2%
Monaco
86.1%
Paramaribo
86%
% Correct
Copenhagen
85.9%
Skopje
85.5%
Rabat
85.3%
Belgrade
85.1%
Stockholm
84.9%
Amman
84.4%
Yerevan
83.7%
Santiago
83.5%
Vatican City
82.8%
Riyadh
82.8%
Lisbon
82.7%
Guatemala City
82.5%
San Marino
82.3%
Algiers
82.2%
Bucharest
81.5%
Juba
80.7%
Tirana
80.4%
Addis Ababa
79.9%
Zagreb
79.9%
Ashgabat
79.9%
Nairobi
79.3%
Kampala
79.2%
Dodoma
78.9%
Kuala Lumpur
78.7%
Canberra
78.5%
Niamey
78%
Quito
77.6%
Tokyo
77.6%
Panama City
77.4%
Pretoria
76.5%
Maputo
76.5%
Belmopan
76.4%
Windhoek
76.1%
Harare
75.9%
Dhaka
75.9%
Phnom Penh
75.7%
Kuwait City
75.4%
Mogadishu
75.3%
Gaborone
75.2%
Kinshasa
75.1%
Vaduz
75%
Tunis
75%
Podgorica
74.9%
Bamako
74.9%
San Jose
73.9%
Bangkok
73.5%
Tashkent
73.4%
N'Djamena
73.2%
Jakarta
72.7%
Lusaka
72.6%
Conakry
72.3%
Sarajevo
72.1%
Mbabane
71.5%
Beirut
71.4%
Bangui
71.2%
Nouakchott
71.1%
Tegucigalpa
70.4%
Brazzaville
69.8%
Wellington
69.7%
Muscat
69.6%
Luanda
69.1%
Seoul
69%
Chisinau
69%
Maseru
68.6%
Ouagadougou
67.6%
Yamoussoukro
67.5%
% Correct
Asmara
67.5%
Djibouti
67.3%
Abu Dhabi
67.2%
Port Moresby
66.2%
Kigali
66.1%
Dakar
66%
Sana'a
65.6%
Dili
65.5%
Yaounde
65.4%
Pristina
64.5%
San Salvador
64.4%
Gitega
63.9%
Doha
63.5%
Havana
62.8%
Porto Novo
61.6%
Abuja
61%
Managua
60.6%
Bissau
60.3%
Monrovia
60%
Lomé
59.2%
Kingston
58.7%
Santo Domingo
58.5%
Port-au-Prince
58.5%
Freetown
58.5%
Accra
57.9%
Lilongwe
54.6%
Libreville
54.1%
Reykjavik
53.1%
Banjul
52.1%
Manila
50.7%
Singapore
48.7%
Bandar Seri Begawan
47.8%
Malabo
47.4%
Nicosia
46%
Nassau
43.7%
Valletta
42.7%
Kingstown
42.3%
Taipei
42%
Male
40%
St. John's
39.3%
Suva
38.9%
Port of Spain
37.8%
Victoria
37.3%
Bridgetown
37.3%
São Tomé
36.8%
St. George's
36.3%
Antananarivo
35.4%
Apia
33.9%
Praia
32.1%
Port Louis
31.8%
Sri Jayawardenepura Kotte
31.8%
Manama
31.6%
Castries
30.8%
Roseau
30.5%
Moroni
29.6%
Funafuti
29.4%
Basseterre
28.4%
Port Vila
27.8%
Yaren
26.3%
Honiara
25.8%
Tarawa
25.1%
Nukuʻalofa
24.6%
Palikir
24.2%
Majuro
24.1%
Ngerulmud
22.8%
Remove Ads.
Support Sporcle.
Get the best of Sporcle when you Go Orange. This ad-free experience offers more features, more stats, and more fun while also helping to support Sporcle. Thank you for becoming a member.

You're not logged in!

Compare scores with friends on all Sporcle quizzes.
OR
Log In

Sporcle TV

Today on Sporcle TV


Watch our educational content, quiz creation guides, and fun videos on Sporcle TV.

Show Comments

Extras

Top Quizzes Today


Score Distribution

Paid Content

Your Account Isn't Verified!

In order to create a playlist on Sporcle, you need to verify the email address you used during registration. Go to your Sporcle Settings to finish the process.

Report this User

Report this user for behavior that violates our Community Guidelines.

Details: